000 00392 a2200169 4500
001 175166
020 _a85-87073-44-3
040 _cMagnum
100 _aGonçalves Netto, Rodelnégio
240 1 0 _aRodelnégio Gonçalves Netto
_lpor
245 1 0 _aRodelnégio Gonçalves Netto
300 _a95
362 0 _a2002
440 1 _aModerna
697 _aTEORIA DAS BELAS ARTES
942 _cBK
999 _c175166
_d175166